00481nam a22001577a 4500008004400000082001500044100002600059245004300085250001800128260005000146300004500196653001700241653001200258653003500270653001800305170708s2016 no||||| |||| 00| 0 eng d04a779bB669c1 aBoe Birkeland, Tonje.13aThe characters /cTonje Boe Birkeland. a1a edición. aNoruega :bKulturradet Arts Council,c[2016]. a260 páginas :bilustraciones en color.10aFotografía10aRelatos10aFotografía digital - Noruega10aFotógrafos